Begum & a Rani: (Record no. 1466200)

MARC details
000 -LEADER
fixed length control field 00829 a2200253 4500
005 - DATE AND TIME OF LATEST TRANSACTION
control field 20260306171611.0
008 - FIXED-LENGTH DATA ELEMENTS--GENERAL INFORMATION
fixed length control field 260112b |||||||| |||| 00| 0 eng d
020 ## - INTERNATIONAL STANDARD BOOK NUMBER
International Standard Book Number 9780670090662
037 ## - SOURCE OF ACQUISITION
Terms of availability TB
040 ## - CATALOGING SOURCE
Original cataloging agency CRL
Transcribing agency CRL
041 ## - LANGUAGE CODE
Source of code eng
Language code of text/sound track or separate title eng
084 ## - COLON CLASSIFICATION NUMBER
Classification number V2:51wM28 R1
Assigning agency CRL
100 ## - MAIN ENTRY--PERSONAL NAME
Personal name Mukherjee, Rudrangshu
9 (RLIN) 855894
245 ## - TITLE STATEMENT
Title Begum & a Rani:
Remainder of title Hazrat Mahal and Lakshmibai in 1857
260 ## - PUBLICATION, DISTRIBUTION, ETC.
Place of publication, distribution, etc. Gurugram, India:
Name of publisher, distributor, etc. Penguin Random House,
Date of publication, distribution, etc. 2021.
300 ## - PHYSICAL DESCRIPTION
Extent 221p.
365 ## - TRADE PRICE
Price amount 799
Currency code INR
490 ## - SERIES STATEMENT
Series statement India's war: the making of modern South Asia
650 ## - SUBJECT ADDED ENTRY--TOPICAL TERM
Topical term or geographic name entry element History
650 ## - SUBJECT ADDED ENTRY--TOPICAL TERM
Topical term or geographic name entry element India History
760 ## - MAIN SERIES ENTRY
Edition Srinath Raghavan
942 ## - ADDED ENTRY ELEMENTS (KOHA)
Koha item type Textbook
Source of classification or shelving scheme Colon Classification (CC)
Suppress in OPAC No
Classification part V2:51wM28 R1
Holdings
Withdrawn status Lost status Source of classification or shelving scheme Damaged status Not for loan Home library Current library Date acquired Source of acquisition Cost, normal purchase price Inventory number Total Checkouts Full call number Barcode Date last seen Cost, replacement price Price effective from Koha item type Public note
    Colon Classification (CC)     Central Library Central Library 2026-01-12 4/ Classic Book Service 559.30 136 & 2025-12-24   V2:51wM28 R1 CL1925104 2026-01-02 799.00 2026-01-02 Textbook Centre for Independence and Partition Studies
Copyright @ Delhi University Library System